Bajki : wybór ; Życie Ignacego Krasickiego : zapisy i domysły /

Saved in:
Bibliografiske detaljer
Hovedforfatter: Krasicki, Ignacy (1735-1801)
Andre forfattere: Doré, Gustave (1832-1883) (Il.), Libera, Zdzisław (1913-1998) (ak), Maciąg, Włodzimierz (1925-2012)
Format: Bog
Sprog:polsk
Udgivet: Warszawa : Państ. Instytut Wydawniczy, 1984.
Warszawa : "Czytelnik", 1984.
Fag:
Tags: Tilføj Tag
Ingen Tags, Vær først til at tagge denne postø!

MARC

LEADER 00000nam a2200000 i 4500
001 9913582888305606
005 20260515140228.0
008 800101s1984 pl a 000 0 pol d
020 |a 8306005929 
020 |a 8307010330 
035 |a 990000322230308414-48omnis_network 
035 |a WBP01000032223 
035 |a (Aleph)000032223WBP01 
035 |a (PL)b0001380197677 
040 |a WR M  |c WR M  |d WA N 
041 0 |a pol 
090 |c 131  |d 130 
100 1 |a Krasicki, Ignacy  |d (1735-1801) 
245 0 0 |a Bajki :  |b wybór ; Życie Ignacego Krasickiego : zapisy i domysły /  |c Ignacy Krasicki ; wstęp i wybór Zdzislaw Libera ; il. wg rys. Gustawa Dorégo. / Włodzimierz Maciąg. 
260 |a Warszawa :  |b Państ. Instytut Wydawniczy,  |c 1984. 
260 |a Warszawa :  |b "Czytelnik",  |c 1984. 
300 |a 372, [3] s. ;  |c 21 cm. 
300 |a 79, [1] s. :  |b il. ;  |c 25 cm. 
521 |a lp 
600 1 4 |a Krasicki Ignacy  |x biografia 
650 4 |a Bajka i baśń polska  |y 18 w. 
700 1 |a Doré, Gustave  |d (1832-1883)  |e Il. 
700 1 |a Libera, Zdzisław  |d (1913-1998)  |e ak 
700 1 |a Maciąg, Włodzimierz  |d (1925-2012) 
700 1 2 |a Krasicki, Ignacy  |d (1735-1801).  |t Życie Ignacego Krasickiego 
740 0 2 |a Życie Ignacego Krasickiego 
920 |a 83-06-00592-9 
920 |a 83-07-01033-0 
942 |c K 
952 |0 0  |1 0  |4 0  |6 R__2_000000000000000  |7 0  |9 123  |a RYT  |b RYT  |d 2026-05-12  |e 1/2026  |g 10.00  |l 0  |o R.2  |p 2000000000022  |r 2026-05-15 14:02:28  |w 2026-05-15  |y BK  |z da 
999 |c 123  |d 123